| 000 | 00847nas a2200265 4500 | ||
|---|---|---|---|
| 001 | BR0802898 | ||
| 003 | BR-BrBNA | ||
| 005 | 20231205112114.0 | ||
| 007 | ta | ||
| 008 | 230509b bl.|||p| |||| 00| 00por d | ||
| 040 |
_aBR-BrBNA _bpor _cBiblioteca Nacional de Agricultura |
||
| 041 | _a(En) | ||
| 072 | _aL60; L20 | ||
| 100 | 1 | _aLinardi, P.M. | |
| 100 | 1 | _aCardoso, V. de A. | |
| 100 | 1 | _aBotelho, J.R. | |
| 100 | 1 | _aLareschi, M. | |
| 100 | 1 | _aFreitas, T.O. de | |
| 245 | 1 | _aPolygenis (Polygrnis)platensis (Jordan Rothschild)(Siphonaptera: Rhopalopsyllidae, Rhopalopsyllinae, a new record in Brazil | |
| 650 | _aPULGA | ||
| 650 | _aTAXONOMIA ANIMAL | ||
| 773 | 0 |
_tNeotropical Entomology (Brazil) _xISSN 1519-566X _g(Sep-Oct 2005), v. 34(5) p. 837-841 _wBR0802898 |
|
| 909 |
_a202311 _bLúcia _c55 _dLúcia Elande |
||
| 942 |
_2AGRIS _n0 _cANA |
||
| 999 |
_c196120 _d196120 |
||